000 02528cam a22005534i 4500
003 PE-LiUPU
005 20250731184602.0
008 150706s r 000 0 d
020 _a9788493696122
035 _a(Sirsi) i9788493696122
040 _aPE-LiUPU
_bspa
_cPE-LiUPU
_erda
049 _aPRUA
082 0 4 _a920
_bP45
_221
100 1 _aPerkins, John,
_eautor.
245 1 0 _aManipulados :
_bun gánster económico revela por qué la economía mundial se ha venido abajo y qué hacer para rehacerla /
_cJohn Perkins.
264 1 _aBarcelona :
_bTendencias Editores,
_c[2010].
300 _a287 páginas ;
_c23 cm.
336 _atext
_2rdacontent
337 _aunmediated
_2rdamedia
338 _avolume
_2rdacarrier
500 _aTitulo original: An Economic hit man reveals why the world financial markets imploded - and what we need to do to remake them.
505 0 _aEl problema -- No ha ocurrido por casualidad -- Lucha de titanes: Keynes contra Friedman -- el primer gánster económico -- Irán y los torbellinos de nubes -- Mercenarios -- Esclavizados por las deudas -- Los modernos magnates desaprensivos -- La desregulación que viene -- El fisco de la regulación -- Contabilidad falsa -- Doble rasero -- Economía militarizada de papel -- La solución -- Cambiar la meta del capitalismo -- China: una lección sobre transformaciónDavid contra Goliat -- .
526 _aP136
526 _aP135
526 _aP134
526 _aP133
526 _aP144
526 _aP143
526 _aP87
526 _aP35
526 _aP20
526 _aP14
526 _aP10
526 _aP06
541 _g002-014792;
600 1 _aPerkins, John
_vRelatos personales
650 0 4 _aImperialismo
_xRelatos personales.
650 0 4 _aRelaciones económicas internacionales
_vRelatos personales.
650 0 4 _aCorrupción
_xPaíses en desarrollo
_vRelatos personales.
650 0 4 _aDelitos económicos.
650 0 4 _aCompañias
_xPrácticas corruptas.
650 0 4 _aCrisis económica
_xHistoria
_ySiglo XXI.
910 _agl
_clch
_d20131119
942 _2ddc
_cBOOK
949 _a920 P45
_wDEWEY
_c1
_i68831
_lCCODEBUL1
_mBUL
_p25.00
_r0
_sY
_tBOOK
_u2015-7-6
_xFCE
_PP04
_o.STAFF. Colección General
994 _aC0
_bPEPRU
596 _a1
999 _a920 P45
_wDEWEY
_c56045
_i68831
_f2021-11-8
_g5
_lCCODEBUL1
_mBUL
_p25.00
_r0
_sY
_tBOOK
_u2015-7-6
_xBIBLIOTECA
_PP04
_0COMPRA
_o.STAFF. Colección General
_d56045
980 _81
_gALBERTO SANCHEZ Responsable de Automatización